| 000 | 00412nam a22001457a 4500 | ||
|---|---|---|---|
| 082 | _aP-453 | ||
| 100 |
_aSheraz Baig _948310 |
||
| 245 |
_aSocio economic potentials of Kalabagh dam and prevailing impediment _cSheraz Baig, Shahadat Hussain |
||
| 260 |
_aRisalpur _bMCE _c2011 |
||
| 300 | _a66 p.: | ||
| 526 |
_a0 _b0 _c0 _dP_453 |
||
| 650 | _aProject | ||
| 700 |
_aMaj (R) Abdul Waheed _948311 |
||
| 942 |
_2ddc _cBK |
||
| 999 |
_c551298 _d551298 |
||